000 00218 a2200097 4500
001 47100
100 _aStrategicus
245 _aTo Stalingrad and Alamein
260 _aLondon
_bFaber & Faber
_c
090 _c30162
_d30162
942 _aNUST-CAE
_cM
_c22406
999 _c282173
_d282173